Gaming Quiz

Random Gaming or Minecraft Quiz

Minecraft Villagers Quiz Stats

 Plays Quiz not verified by Sporcle

Challenge
Share
Tweet
Embed
Score 0/5 Timer 01:00
0 Plays Today
Clothing Villager % Correct
Brown robeFarmer
80.5%
Black apronBlacksmith
74.8%
White robeLibrarian
72.6%
Purple robePriest
70.3%
White apronButcher
60.4%

You're not logged in!

Compare scores with friends on all Sporcle quizzes.
Join for Free
OR
Log In

You Might Also Like...

Show Comments

Extras

Curator's Pick Sep 22, 2017ReportFavoriteNominate
Tags:Minecraft Quiz, village

Top Quizzes Today


Score Distribution

Your Account Isn't Verified!

In order to create a playlist on Sporcle, you need to verify the email address you used during registration. Go to your Sporcle Settings to finish the process.

Report this User

Report this user for behavior that violates our Community Guidelines.

Details: